00674nam a2200217Ia 4500003000400000005001700004008004100021040000700062041001200069082001500081100003100096245007500127260003200202365000800234440000600242650002300248906004800271942001200319999001900331952010600350OSt20250726144354.0210423s1963 xx 000 0 und d cAL aEnglish a100 bCOPH aFrderick Copleston9122336 aHistroy of philosophy: greece and rome part b: greece and rome part 1 bState Resource Centrec1963 cINR v3 aPhilosophy9122337 a11. ; greece ; Histroy ; philosophy: ; rome 2ddccBK c173937d173937 001040708MSWaSACPGbSACPGd2004-06-10l0o100 COPHpPG020589r2022-08-24 00:00:00w2021-04-26yBK